[Event "Baden-ch op U1600"]
[Site "Birkenfeld"]
[Date "2013.06.01"]
[Round "5"]
[White "Nees, Manfred"]
[Black "Heinz, Johannes"]
[Result "1/2-1/2"]
[WhiteElo "1565"]
[BlackElo "1577"]
[PlyCount "68"]
[EventDate "2013.05.30"]
[EventType "swiss"]
[EventRounds "7"]
[EventCountry "GER"]
[SourceTitle "EXT 2014"]
[Source "ChessBase"]
[SourceDate "2013.11.20"]
[SourceVersion "1"]
[SourceVersionDate "2013.11.20"]
[SourceQuality "1"]

1. d4 Nf6 2. Nc3 d5 3. Bg5 e6 4. e4 dxe4 5. Bxf6 Qxf6 6. Nxe4 Qd8 7. Bd3 Nd7 8. Nf3 Be7 9. c3 f5 10. Ng3 0-0 11. Qc2 Qe8 12. 0-0-0 c5 13. d5 Nb6 14. dxe6 Bxe6 15. Rhe1 Qg6 16. Kb1 Rae8 17. h4 c4 18. Be2 Qh6 19. Nd4 Bxh4 20. Rh1 Qf4 21. Nh5 Qg5 22. g3 Bxg3 23. Nxg3 Bd5 24. Bf3 Bxf3 25. Nxf3 Qg4 26. Nd4 g6 27. Rdg1 Qf4 28. Re1 Rxe1+ 29. Rxe1 Qd6 30. Qe2 Rd8 31. Qe7 Qxe7 32. Rxe7 Rd7 33. Rxd7 Nxd7 34. f4 Kf7 1/2-1/2

[Event "Baden-ch op U1600"]
[Site "Birkenfeld"]
[Date "2013.05.30"]
[Round "2"]
[White "Heinz, Johannes"]
[Black "Wolf, Axel"]
[Result "1/2-1/2"]
[WhiteElo "1577"]
[BlackElo "1522"]
[PlyCount "87"]
[EventDate "2013.05.30"]
[EventType "swiss"]
[EventRounds "7"]
[EventCountry "GER"]
[SourceTitle "EXT 2014"]
[Source "ChessBase"]
[SourceDate "2013.11.20"]
[SourceVersion "1"]
[SourceVersionDate "2013.11.20"]
[SourceQuality "1"]

1. d4 d5 2. Nf3 e6 3. Bf4 Nc6 4. e3 Nf6 5. Nbd2 h6 6. h3 Bb4 7. c3 Ba5 8. Bd3 Bd7 9. a4 a6 10. b4 Bb6 11. a5 Ba7 12. 0-0 0-0 13. Qe2 Ne7 14. Ne5 Be8 15. Rfc1 Rc8 16. Ng4 Ng6 17. Bg3 Kh8 18. Bxg6 fxg6 19. Ne5 Nh5 20. Bh2 Qg5 21. Ndf3 Qe7 22. Ng4 Bb8 23. Be5 Kh7 24. Ngh2 c6 25. g4 Nf6 26. Bxb8 Rxb8 27. Ne5 Ne4 28. Nhf3 Qf6 29. Kg2 Ng5 30. Nxg5+ Qxg5 31. f4 Qd8 32. Kg3 Rc8 33. h4 Rc7 34. Qd3 Kg8 35. Rf1 c5 36. bxc5 Rf6 37. Rh1 Bb5 38. Qc2 Qe8 39. g5 Rf5 40. c4 dxc4 41. Nxc4 h5 42. Nd6 Qd7 43. Nxf5 gxf5 44. Qb3 1/2-1/2